| 000 | 00733nam a2200229Ia 4500 | ||
|---|---|---|---|
| 003 | OSt | ||
| 005 | 20220923214627.0 | ||
| 006 | a|||||r|||| 00| 0 | ||
| 007 | ta | ||
| 008 | 220922b |||||||| |||| 00| 0 hin d | ||
| 024 | _a171,342 | ||
| 037 | _cTextual | ||
| 040 |
_aARTS _cARTS _bhin |
||
| 041 |
_2hin _ahin |
||
| 082 | _aO152:3N19:13, K7 | ||
| 100 |
_aअमृता प्रीतम _9156318 |
||
| 245 | 0 |
_aएस्कीमो स्माहल तथ एरियल _b दो लघु उपन्यास |
|
| 246 | _aEskīmo smāhal tath eriyala: do laghu upanyāsa | ||
| 260 | _c1967 | ||
| 942 |
_hO152:3N19:13, K7 _cTEXL _2CC |
||
| 999 |
_c325565 _d325565 |
||